| 000 | 00756nam a2200241Ia 4500 | ||
|---|---|---|---|
| 005 | 20250508163839.0 | ||
| 008 | 008 250505s9999 xx 000 0 eng d | ||
| 020 | _a0 08 043454 1 | ||
| 037 | _aReference | ||
| 040 |
_aFEDL _beng _cFEDL |
||
| 041 |
_aeng _2eng |
||
| 084 |
_a370, KAY _qFEDL |
||
| 100 |
_aKayser Daniel Ed. _9776533 |
||
| 245 | 0 | _aModelling changes in understanding: Case studies in physical reasoning | |
| 260 |
_aOxford _bPergamon Press Ltd. _c1999 |
||
| 300 | _axi,302p. | ||
| 365 |
_aUSD _b85 |
||
| 490 | _aAdvances in learning and instruction series | ||
| 650 |
_aLearning and instruction; Reasoning _9776534 |
||
| 700 |
_a Vosniadou Stella Ed. _9776535 |
||
| 942 |
_cREF _h370, KAY |
||
| 999 |
_c1385590 _d1385590 |
||